Vista normal
Vista MARC
- Toharia, Luis
Entrada Personal Name
Número de registros utilizados en: 7
001 - CONTROL NUMBER
- control field: 7900
003 - CONTROL NUMBER IDENTIFIER
- control field: armounm
005 - DATE AND TIME OF LATEST TRANSACTION
- control field: 20260526180645.0
008 - FIXED-LENGTH DATA ELEMENTS
- fixed length control field: 150130|| aca||aabn | a|a d
040 ## - CATALOGING SOURCE
- Original cataloging agency: AR-MoUNM
100 1# - HEADING--PERSONAL NAME
- Personal name: Toharia, Luis
400 1# - SEE FROM TRACING--PERSONAL NAME
- Personal name: Toharia Cortés, Luis
400 1# - SEE FROM TRACING--PERSONAL NAME
- Personal name: Cortés, Luis Toharia
UNM ® 2018
Biblioteca UNM
Universidad Nacional de Moreno
Av. Bme. Mitre Nº 1891 (B1744OHC) Moreno
Provincia de Buenos Aires, República Argentina
(0237) 460-9300 (líneas rotativas)
(011) 2078-9170 (líneas rotativas)
biblioteca@unm.edu.ar
Universidad Nacional de Moreno
Av. Bme. Mitre Nº 1891 (B1744OHC) Moreno
Provincia de Buenos Aires, República Argentina
(0237) 460-9300 (líneas rotativas)
(011) 2078-9170 (líneas rotativas)
biblioteca@unm.edu.ar


